[Event "22nd Open"]
[Site "Andorra la Vella"]
[Date "2004.07.07"]
[Round "5"]
[White "Del Rio Angelis, Salvador G"]
[Black "Berkovich, Mark A"]
[Result "1-0"]
[WhiteElo "2502"]
[BlackElo "2398"]
[PlyCount "97"]
[EventDate "2004.07.03"]
[Source "Roberto Alvarez"]
[SourceDate "2004.07.12"]

1. e4 e5 2. Nf3 Nc6 3. Bb5 Bb4 4. O-O Nge7 5. c3 Ba5 6. d4 exd4 7. cxd4 d5 8. e5 O-O 9. Bg5 h6 10. Bh4 Bg4 11. Bxc6 bxc6 12. Qa4 Bb6 13. Qa3 Re8 14. Nbd2 Qd7 15. Bxe7 Rxe7 16. Rac1 Re6 17. Rfe1 Rf8 18. Qc3 f6 19. exf6 Rxe1+ 20. Rxe1 Rxf6 21. Ne5 Qf5 22. f3 Qf4 23. Nb3 Bh5 24. Qe3 g5 25. Qxf4 gxf4 26. Kf2 Kg7 27. g4 fxg3+ 28. hxg3 Bg6 29. Rc1 Be8 30. g4 Kf8 31. Ke3 Ke7 32. f4 Kd6 33. Nc5 a5 34. a3 Rf8 35. b4 axb4 36. axb4 h5 37. gxh5 Bxh5 38. Rh1 Rf5 39. Rg1 Be8 40. Rg8 Ke7 41. Rh8 Rf6 42. Kf3 Bg6 43. Kg4 Bc2 44. Rh2 Be4 45. Nb3 Kd6 46. Rh6 Rxh6 47. Nf7+ Ke6 48. Nxh6 Kf6 49. f5 1-0

[Event "Skopje ol (Men)"]
[Site "Skopje MKD"]
[Date "1972.09.29"]
[Round "3.2"]
[White "Rodriguez, Ruben"]
[Black "Mariotti, Sergio"]
[Result "0-1"]
[WhiteElo "2400"]
[BlackElo "2470"]
[PlyCount "152"]
[EventDate "1972.09.??"]
[Source "www.chesslib.no"]
[SourceDate "2004.05.04"]

1. e4 Nc6 2. Nf3 e5 3. Bb5 Qf6 4. c3 g5 5. Bxc6 dxc6 6. d4 exd4 7. cxd4 Bg4 8. Be3 Bxf3 9. Qxf3 Qg6 10. Nc3 Bb4 11. O-O g4 12. Qf4 O-O-O 13. f3 Nf6 14. Qg5 Bxc3 15. bxc3 gxf3 16. Qxg6 hxg6 17. gxf3 Rh5 18. c4 Nd7 19. c5 Nf8 20. Rab1 Ne6 21. Rb4 f5 22. Rfb1 fxe4 23. fxe4 b6 24. cxb6 axb6 25. Bf2 Ng5 26. Rc1 Nxe4 27. Rxc6 Nxf2 28. Kxf2 Rxh2+ 29. Kg3 Rxa2 30. Rxg6 Rd2 31. Rg4 Rh8 32. Kf3 Re8 33. Rc4 Re7 34. Rf4 Rd1 35. Kf2 Kb7 36. Rh4 Ka6 37. Rc6 Rd3 38. Rf6 Rd7 39. Rc6 Re7 40. Rhh6 Rd2+ 41. Kf3 Ra2 42. Rh5 Rae2 43. Rc3 Re1 44. Kf2 R1e4 45. Rd5 Rf4+ 46. Kg3 Rf6 47. Rg5 Rf1 48. Kg2 Rfe1 49. Rc4 Rd7 50. Rg4 Ka7 51. Kf3 Rde7 52. Rc2 Rf1+ 53. Kg2 Rfe1 54. Kf2 Kb7 55. Rd2 R1e4 56. Rg5 Rf4+ 57. Kg2 Ref7 58. Rh5 Rd7 59. d5 Rf6 60. Rg5 Rdf7 61. Rg3 Rf5 62. Rd4 Rd7 63. Rgd3 Rg7+ 64. Rg3 Rxg3+ 65. Kxg3 Ka6 66. Kg4 Rf7 67. Rd1 b5 68. Kg5 Kb6 69. Kg6 Rf2 70. Rc1 Rd2 71. Rc6+ Ka5 72. Kf6 Rxd5 73. Rxc7 b4 74. Ke6 Rh5 75. Ra7+ Kb5 76. Kd6 Kc4 0-1

[Event "Balatonbereny Open"]
[Site "Balatonbereny HUN"]
[Date "1992.??.??"]
[Round "3"]
[White "Leko, Peter"]
[Black "Klinger, Josef"]
[Result "1/2-1/2"]
[WhiteElo "2385"]
[BlackElo "2480"]
[PlyCount "42"]
[EventDate "1992.09.??"]
[Source "www.chesslib.no"]
[SourceDate "2004.05.04"]

1. e4 e5 2. Nf3 Nc6 3. Bb5 Bb4 4. c3 Ba5 5. O-O Nge7 6. d4 exd4 7. cxd4 d5 8. e5 h6 9. h3 O-O 10. Nc3 Bf5 11. Be3 Be4 12. Nd2 Bb6 13. Ndxe4 dxe4 14. Bxc6 Nxc6 15. Qg4 Bxd4 16. Rad1 f5 17. Qg3 f4 18. Bxf4 Qe8 19. Nxe4 Bxe5 20. Bxe5 Qxe5 21. Qxe5 Nxe5 1/2-1/2

[Event "Italia"]
[Site "Italia"]
[Date "1972.??.??"]
[Round "?"]
[White "Rajkovic, Dusan"]
[Black "Mariotti, Sergio"]
[Result "0-1"]
[WhiteElo "2390"]
[BlackElo "2470"]
[PlyCount "74"]
[EventDate "1972.??.??"]
[Source "www.chesslib.no"]
[SourceDate "2004.05.04"]

1. e4 e5 2. Nf3 Nc6 3. Bb5 Qf6 4. O-O Bc5 5. b4 Bxb4 6. c3 Be7 7. d4 a6 8. Bxc6 Qxc6 9. Nxe5 Qxe4 10. Re1 Qf5 11. Re3 d6 12. Rf3 Qh5 13. Nxf7 Bg4 14. Nxh8 Bxf3 15. Qxf3 Qxf3 16. gxf3 Nf6 17. f4 Kf8 18. f5 Kg8 19. Ng6 hxg6 20. fxg6 Re8 21. Nd2 Bd8 22. Nf3 Ne4 23. h4 Nxc3 24. Kg2 Bf6 25. Bd2 Nd5 26. Rb1 b5 27. h5 c5 28. dxc5 dxc5 29. Rd1 c4 30. Bc1 Rd8 31. Re1 b4 32. Bg5 a5 33. Bxf6 Nxf6 34. Re6 Nxh5 35. Ra6 c3 36. Rxa5 Nf4+ 37. Kf1 c2 0-1

[Event "Bucharest Supercom Cup"]
[Site "Bucharest"]
[Date "2002.03.24"]
[Round "7"]
[White "Golubev, Mihail"]
[Black "Tikhomirov, Sergei"]
[Result "1-0"]
[WhiteElo "2531"]
[BlackElo "2326"]
[PlyCount "85"]
[EventDate "2002.03.17"]
[Source "ChessBase"]
[SourceDate "2002.05.03"]

1. e4 e5 2. Nf3 Nc6 3. Bb5 Qf6 4. O-O Nge7 5. Nc3 a6 6. Ba4 d6 7. h3 Bd7 8. Nd5 Nxd5 9. exd5 Nb8 10. Bxd7+ Nxd7 11. d4 h6 12. Re1 O-O-O 13. b3 e4 14. Rxe4 Qf5 15. Re2 g5 16. c4 g4 17. hxg4 Qxg4 18. Nh2 Qf5 19. Re3 Bg7 20. Qd3 Qxd3 21. Rxd3 Nc5 22. Rd1 Ne4 23. Bb2 h5 24. Rd3 f5 25. Re1 Bf6 26. Rf3 Rhe8 27. Rxf5 Bh4 28. Re2 Nxf2 29. Rexf2 Bxf2+ 30. Kxf2 Re4 31. Nf1 h4 32. Rf3 Rde8 33. Ne3 b6 34. Ke2 R4e7 35. Bc3 Rg8 36. Kd3 Rh7 37. Rh3 a5 38. Be1 Rgh8 39. Nf5 Rg8 40. Rxh4 Rxh4 41. Nxh4 Kd7 42. g3 Rf8 43. Bd2 1-0

[Event "Moscow4"]
[Site "Moscow RUS"]
[Date "1990.??.??"]
[Round "?"]
[White "Olbrikh, H."]
[Black "Berkovich, Mark A"]
[Result "0-1"]
[WhiteElo "2525"]
[BlackElo "2330"]
[PlyCount "90"]
[EventDate "1990.??.??"]
[Source "www.chesslib.no"]
[SourceDate "2004.05.04"]

1. e4 e5 2. Nf3 Nc6 3. Bb5 Bb4 4. c3 Ba5 5. O-O Nge7 6. Na3 O-O 7. Nc4 d5 8. Nxa5 Nxa5 9. d3 f6 10. b4 Nac6 11. h3 Kh8 12. Be3 Be6 13. Re1 Qe8 14. Qe2 Qg6 15. Kh2 a6 16. Ba4 dxe4 17. Nh4 Qf7 18. dxe4 g5 19. Nf5 Nxf5 20. exf5 Bxf5 21. Bxc6 bxc6 22. Bc5 Rfd8 23. Qf3 Qe6 24. Rad1 Bc2 25. Rxd8+ Rxd8 26. Re3 Kg7 27. Qg3 Bg6 28. f4 gxf4 29. Qxf4 Qxa2 30. Qg3 Qc4 31. Be7 Re8 32. Bc5 a5 33. Qf2 a4 34. Qd2 Qd5 35. Qe2 Rd8 36. h4 Qd1 37. Qf2 Rd2 38. Qg3 Rd3 39. Qh3 Rxe3 40. Bxe3 a3 41. Qc8 a2 42. Bc5 Bf7 43. g4 Qd2+ 44. Kh3 Qxc3+ 45. Kh2 Qxc5 0-1

[Event "Volgograd RUS"]
[Site "Volgograd RUS"]
[Date "1994.??.??"]
[Round "13"]
[White "Shtyrenkov, Veniamen"]
[Black "Volzhin, Alexander"]
[Result "1/2-1/2"]
[WhiteElo "2445"]
[BlackElo "2410"]
[PlyCount "26"]
[EventDate "1994.??.??"]
[Source "www.chesslib.no"]
[SourceDate "2004.05.04"]

1. e4 e5 2. Nf3 Nc6 3. Bb5 a6 4. h4 Nf6 5. c3 Be7 6. b4 Nb8 7. Bb2 Rf8 8. Na3 g6 9. Bc6 g5 10. Nd4 dxc6 11. g3 Qd5 12. Ne2 Qd6 13. Bc1 Qd4 1/2-1/2

[Event "Cannes Open"]
[Site "Cannes FRA"]
[Date "1989.??.??"]
[Round "?"]
[White "Palac, Mladen"]
[Black "Donchev, Dimitar I"]
[Result "0-1"]
[WhiteElo "2350"]
[BlackElo "2505"]
[PlyCount "88"]
[EventDate "1989.02.??"]
[Source "www.chesslib.no"]
[SourceDate "2004.05.04"]

1. e4 e5 2. Nf3 Nc6 3. Bb5 Bb4 4. c3 Ba5 5. Na3 Nge7 6. Nc4 O-O 7. d3 f6 8. a4 a6 9. Bxc6 Nxc6 10. Be3 d5 11. exd5 Qxd5 12. b4 Nxb4 13. cxb4 Bxb4+ 14. Bd2 Bc5 15. Qe2 Bf5 16. Ne3 Bxe3 17. Bxe3 Bxd3 18. Qa2 Bc4 19. Qc2 b5 20. Nd2 Qxg2 21. Qe4 Qxe4 22. Nxe4 Rfd8 23. f3 Rd3 24. Kf2 f5 25. Nc5 Rd5 26. Ne6 Rd6 27. Nc5 Rb8 28. Rhe1 bxa4 29. Nxa4 Rb3 30. Reb1 f4 31. Rxb3 Bxb3 32. Bc1 Rc6 33. Nb2 Rc2+ 34. Kg1 e4 35. fxe4 f3 36. Nd3 Rg2+ 37. Kf1 Bc4 38. Ra3 Rxh2 39. Bf4 Re2 40. Kg1 Rxe4 41. Bxc7 Re3 42. Kf2 Rxd3 43. Rxd3 Bxd3 44. Kxf3 Kf7 0-1

[Event "Moscow-1"]
[Site "Moscow"]
[Date "1997.??.??"]
[Round "3"]
[White "Zaitsev, Igor A"]
[Black "Lomineishvili, Maia"]
[Result "1/2-1/2"]
[WhiteElo "2450"]
[BlackElo "2385"]
[PlyCount "57"]
[EventDate "1997.??.??"]
[Source "www.chesslib.no"]
[SourceDate "2004.05.04"]

1. e4 e5 2. Nf3 Nc6 3. Bb5 a6 4. a4 Nf6 5. O-O Bc5 6. c4 O-O 7. Nc3 d6 8. Bxc6 bxc6 9. d4 exd4 10. Nxd4 Ng4 11. f3 Ne5 12. b3 f5 13. exf5 Bxf5 14. Kh1 Bd3 15. Nxc6 Qe8 16. Nxe5 Bxf1 17. Qd5+ Kh8 18. Ne4 dxe5 19. Qxc5 Qh5 20. Qe3 Qg6 21. Qg5 Qxg5 22. Bxg5 Bd3 23. Nc5 Bf5 24. Re1 Rfe8 25. Kg1 Kg8 26. Kf2 h6 27. Bd2 Rad8 28. Bc3 Rd6 29. g4 1/2-1/2

[Event "Antwerpen op"]
[Site "Antwerpen"]
[Date "1995.??.??"]
[Round "?"]
[White "Formanek, E."]
[Black "Winants, L."]
[Result "1/2-1/2"]
[WhiteElo "2350"]
[BlackElo "2480"]
[PlyCount "149"]
[EventDate "1995.??.??"]
[Source "www.chesslib.no"]
[SourceDate "2004.05.04"]

1. e4 e5 2. Nf3 Nc6 3. Bb5 a5 4. Ba4 d6 5. Bxc6+ bxc6 6. d4 exd4 7. Qxd4 Nf6 8. e5 c5 9. Qd3 dxe5 10. Qxd8+ Kxd8 11. Nxe5 Be6 12. Nd2 Nd7 13. Ndf3 f6 14. Nc6+ Kc8 15. Nxa5 Bd6 16. Bd2 Re8 17. O-O-O Bf7 18. Rhe1 Rxe1 19. Rxe1 Nb6 20. Rd1 Nc4 21. Nxc4 Bxc4 22. Be3 Be2 23. Re1 Bxf3 24. gxf3 Kd7 25. Rg1 g6 26. h4 Ke6 27. Re1 Kd7 28. Rg1 Re8 29. Kd1 Re5 30. Rg4 Kc6 31. Rc4 Rh5 32. Ke2 Be7 33. Ra4 Kb5 34. Re4 Bd6 35. b3 Kc6 36. Ra4 Kb7 37. Rc4 Re5 38. Re4 Rh5 39. Rc4 Re5 40. Re4 Re7 41. Kd3 h5 42. Bf4 Rxe4 43. Kxe4 f5+ 44. Ke3 Be7 45. Bg3 g5 46. Be5 gxh4 47. Ke2 c4 48. Kf1 cxb3 49. axb3 Kc6 50. Kg2 Kd7 51. f4 c6 52. Kh3 Ke6 53. c4 Kf7 54. f3 Kg6 55. Kg2 Bb4 56. Kh3 Be1 57. Bd4 Kf7 58. Be3 Bg3 59. Kg2 Be1 60. Kh3 Ke6 61. Bc5 Bg3 62. Be3 Kf6 63. Bd4+ Kf7 64. Be3 Ke6 65. Bd4 Kd6 66. Be3 Be1 67. Bd4 Bg3 68. Be3 Ke7 69. Bd4 Kf7 70. Be3 Kg7 71. Bd4+ Kg6 72. Be3 Kh6 73. Kg2 Be1 74. Kh3 Kg7 75. Bd4+ 1/2-1/2

[Event "Espergaerde"]
[Site "Espergaerde"]
[Date "1987.??.??"]
[Round "5"]
[White "Davies, Nigel R"]
[Black "Hector, Jonny"]
[Result "1-0"]
[WhiteElo "2420"]
[BlackElo "2400"]
[PlyCount "81"]
[EventDate "1987.??.??"]
[Source "www.chesslib.no"]
[SourceDate "2004.05.04"]

1. e4 e5 2. Nf3 Nc6 3. Bb5 Bb4 4. O-O Nge7 5. c3 Ba5 6. d3 O-O 7. Nbd2 f6 8. Nc4 d5 9. exd5 Qxd5 10. a4 Be6 11. Bxc6 Nxc6 12. b4 Nxb4 13. cxb4 Bxb4 14. Ba3 a5 15. Bxb4 axb4 16. Qb1 Qc5 17. Rc1 Qe7 18. d4 exd4 19. Nxd4 Bxc4 20. Rxc4 c5 21. Nf5 Qe5 22. Rg4 g6 23. Ne3 f5 24. Rc4 b5 25. Rc1 f4 26. Ng4 Qe6 27. f3 Rxa4 28. Qb2 h5 29. Re1 Rxa1 30. Qxa1 Qd6 31. Nf2 Qf6 32. Qb1 Rd8 33. h3 Rd2 34. Ne4 Qd4+ 35. Kh1 Rb2 36. Qc1 c4 37. Qxf4 Kg7 38. Qg5 Kf7 39. Qh6 b3 40. Ng5+ Kf6 41. Nh7+ 1-0

[Event "Rilton Cup"]
[Site "Stockholm SWE"]
[Date "1990.??.??"]
[Round "9"]
[White "Tiviakov, Sergei"]
[Black "Lukez, Franko"]
[Result "1-0"]
[WhiteElo "2490"]
[BlackElo "2325"]
[PlyCount "67"]
[EventDate "1990.12.??"]
[Source "www.chesslib.no"]
[SourceDate "2004.05.04"]

1. e4 e5 2. Nf3 Nc6 3. Bb5 Bb4 4. c3 Ba5 5. Na3 Bb6 6. Nc4 d6 7. O-O Nge7 8. d4 exd4 9. Nxb6 axb6 10. Nxd4 O-O 11. Re1 Nxd4 12. Qxd4 Be6 13. a3 Nc6 14. Qd1 Qh4 15. g3 Qg4 16. Qxg4 Bxg4 17. Kg2 Ne5 18. f4 Nc6 19. b4 Rfe8 20. Bb2 Re7 21. Bd3 Rae8 22. Kf2 f6 23. c4 Bh5 24. Re3 f5 25. Rae1 fxe4 26. Bxe4 Bf7 27. b5 Nd8 28. Bxh7+ Kf8 29. Bxg7+ Kxg7 30. Rxe7 Rxe7 31. Rxe7 Kxh7 32. Rd7 Kg6 33. Rxd8 Bxc4 34. Rc8 1-0

[Event "Royan Open"]
[Site "Royan"]
[Date "1989.??.??"]
[Round "5"]
[White "Cabrilo, Goran"]
[Black "Lukez, Franko"]
[Result "1-0"]
[WhiteElo "2480"]
[BlackElo "2330"]
[PlyCount "45"]
[EventDate "1989.06.??"]
[Source "www.chesslib.no"]
[SourceDate "2004.05.04"]

1. e4 e5 2. Nf3 Nc6 3. Bb5 Bb4 4. O-O Nge7 5. c3 Ba5 6. Na3 O-O 7. Nc4 d5 8. Nxa5 Nxa5 9. d3 c6 10. Ba4 b5 11. Bc2 f6 12. d4 Bg4 13. h3 Bxf3 14. Qxf3 f5 15. exf5 e4 16. Qg4 Qd7 17. f3 Nxf5 18. fxe4 h5 19. Qg5 dxe4 20. Bf4 Rae8 21. Rae1 h4 22. Bxe4 Nxd4 23. Qg6 1-0

[Event "World op"]
[Site "Philadelphia"]
[Date "1996.??.??"]
[Round "?"]
[White "Fedorowicz, John P"]
[Black "Baczynskyj, Boris"]
[Result "1/2-1/2"]
[WhiteElo "2515"]
[BlackElo "2295"]
[PlyCount "31"]
[EventDate "1996.??.??"]
[Source "www.chesslib.no"]
[SourceDate "2004.05.04"]

1. e4 e5 2. Nf3 Nc6 3. Bb5 Qf6 4. c3 Bc5 5. d3 Nge7 6. O-O h6 7. Be3 Bb6 8. Nbd2 d6 9. d4 O-O 10. Nc4 Bg4 11. d5 Bxf3 12. Qxf3 Qxf3 13. gxf3 Bxe3 14. fxe3 a6 15. Ba4 b5 16. dxc6 1/2-1/2

[Event "Olomouc Mipap Cup"]
[Site "Olomouc"]
[Date "2000.08.06"]
[Round "7"]
[White "Navara, David"]
[Black "Czerwonski, Aleksander"]
[Result "1-0"]
[WhiteElo "2433"]
[BlackElo "2375"]
[PlyCount "111"]
[EventDate "2000.08.02"]
[Source "ChessBase"]
[SourceDate "2000.09.14"]

1. e4 e5 2. Nf3 Nc6 3. Bb5 Bb4 4. O-O Nge7 5. c3 Ba5 6. d4 exd4 7. cxd4 d5 8. Qa4 O-O 9. Bg5 dxe4 10. Bxc6 bxc6 11. Ne5 f6 12. Qxa5 fxg5 13. Nc3 Qxd4 14. Qxc7 Qd8 15. Qxd8 Rxd8 16. Rfe1 Bf5 17. Nxe4 Bxe4 18. Rxe4 Nf5 19. Nf3 h6 20. Rc1 Rd6 21. h3 Rad8 22. Kf1 R8d7 23. b3 Kh7 24. Rc2 Rd1+ 25. Re1 R1d6 26. Rec1 Rc7 27. Rc5 Rf6 28. b4 Rb7 29. a3 Ne7 30. Ne5 Rb5 31. Rxb5 cxb5 32. Rc7 Re6 33. Nd7 Rd6 34. Rxa7 Nf5 35. Nc5 Rd1+ 36. Ke2 Ra1 37. Ne6 Ra2+ 38. Kf3 Kg6 39. g4 Nd6 40. Ra6 Rd2 41. Ra7 Nf7 42. Ke3 Ra2 43. Nd4 Nd6 44. Ra6 Rxa3+ 45. Rxa3 Nc4+ 46. Ke4 Nxa3 47. Kd5 Kf6 48. Kc5 Ke5 49. Nxb5 Nc2 50. Nc7 Na3 51. b5 Nxb5 52. Kxb5 g6 53. Kc6 h5 54. Nd5 Ke4 55. Nf6+ Kf3 56. Nxh5 1-0

[Event "Osterskan Open"]
[Site "Osterskan"]
[Date "1994.??.??"]
[Round "?"]
[White "Minnullin, Albert"]
[Black "Hector, Jonny"]
[Result "1/2-1/2"]
[WhiteElo "2280"]
[BlackElo "2515"]
[PlyCount "118"]
[EventDate "1994.??.??"]
[Source "www.chesslib.no"]
[SourceDate "2004.05.04"]

1. e4 e5 2. Nf3 Nc6 3. Bb5 Bb4 4. c3 Ba5 5. Na3 Bb6 6. Nc4 d6 7. d4 exd4 8. Nxb6 axb6 9. cxd4 d5 10. O-O Nge7 11. e5 O-O 12. h3 h6 13. g4 Ng6 14. Bd3 Nh4 15. Bb1 f5 16. exf6 Qxf6 17. Nxh4 Qxh4 18. Qd3 Rf6 19. a4 Be6 20. Ra3 Raf8 21. f4 Bxg4 22. hxg4 Qxg4+ 23. Qg3 Qxg3+ 24. Rxg3 Nxd4 25. Re1 Ne6 26. Bg6 Ra8 27. f5 Nf8 28. b3 Nxg6 29. fxg6 c5 30. Re7 Raf8 31. Ba3 Rf1+ 32. Kh2 R8f2+ 33. Rg2 Rxg2+ 34. Kxg2 Rf6 35. Re8+ Rf8 36. Rxf8+ Kxf8 37. a5 bxa5 38. Bxc5+ Ke8 39. Kf3 b5 40. Kf4 a4 41. bxa4 bxa4 42. Kf5 h5 43. Kg5 d4 44. Bxd4 Kf8 45. Kxh5 a3 46. Bc5+ Kg8 47. Bxa3 Kh8 48. Kg5 Kg8 49. Kf5 Kh8 50. Ke6 Kg8 51. Ke7 Kh8 52. Bc1 Kg8 53. Bg5 Kh8 54. Bf6 Kg8 55. Bh4 Kh8 56. Bg5 Kg8 57. Bf6 gxf6 58. Ke6 Kg7 59. Kf5 Kg8 1/2-1/2

[Event "Spring op"]
[Site "Budapest"]
[Date "1992.??.??"]
[Round "?"]
[White "Malisauskas, Vidmantas"]
[Black "Markovic, Igor"]
[Result "1-0"]
[WhiteElo "2490"]
[BlackElo "2285"]
[PlyCount "73"]
[EventDate "1992.03.??"]
[Source "ChessBase"]

1. e4 e5 2. Nf3 Nc6 3. Bb5 Bb4 4. c3 Ba5 5. Na3 Nf6 6. Nc4 Bb6 7. d3 d6 8. a4 a6 9. Nxb6 cxb6 10. Bc4 h6 11. h3 O-O 12. O-O Re8 13. Be3 Be6 14. Bxe6 Rxe6 15. Qb3 Nd7 16. Rfd1 Rc8 17. d4 Na5 18. Qc2 Nc4 19. Bc1 Qc7 20. d5 Ree8 21. Nh4 Nf8 22. Qe2 Ng6 23. Nf5 Ne7 24. Qg4 Nxf5 25. exf5 f6 26. Rd3 Qf7 27. Bxh6 Kf8 28. Bc1 e4 29. Rd4 Re5 30. b3 Na5 31. Ba3 Qe7 32. Re1 Rxc3 33. Rdxe4 Rxb3 34. Rxe5 fxe5 35. Rc1 Nc6 36. dxc6 bxc6 37. Rxc6 1-0

[Event "Miskolc"]
[Site "Miskolc"]
[Date "1990.??.??"]
[Round "9"]
[White "Luecke, Norbert"]
[Black "Dutreeuw, Marc"]
[Result "0-1"]
[WhiteElo "2360"]
[BlackElo "2405"]
[PlyCount "108"]
[EventDate "1990.12.??"]
[Source "www.chesslib.no"]
[SourceDate "2004.05.04"]

1. e4 e5 2. Nf3 Nc6 3. Bb5 a6 4. Bc4 Nf6 5. d4 exd4 6. O-O Be7 7. Re1 b5 8. e5 Nxe5 9. Rxe5 bxc4 10. Nxd4 O-O 11. Nf5 Re8 12. Bg5 d6 13. Nxe7+ Rxe7 14. Bxf6 gxf6 15. Rh5 Re5 16. Nd2 Qd7 17. Rh6 Kg7 18. Qf3 Qf5 19. Qxa8 Kxh6 20. Nf3 Re2 21. Rf1 c5 22. Nh4 Qe6 23. h3 Kg7 24. g4 Qe8 25. Qb8 Re1 26. Rxe1 Qxe1+ 27. Kg2 Qe4+ 28. Kg1 Qe1+ 29. Kg2 Qe4+ 30. Kg1 Qc6 31. a3 h5 32. gxh5 Kh6 33. Ng2 Kxh5 34. Nf4+ Kh4 35. Kh2 Qd7 36. Ng2+ Kg5 37. Kg1 Qc6 38. Ne3 Kh4 39. Kh2 Qd7 40. Ng2+ Kg5 41. Kg1 Qc6 42. Ne3 Kf4 43. Nxc4 Bxh3 44. Qg8 Qf3 45. Ne3 Be6 46. Qe8 Qe4 47. c4 Ke5 48. Qa4 f5 49. Qd1 f4 50. Qh5+ Kd4 51. Qh8+ Qe5 52. Qh4 f6 53. Ng2 Qg5 54. Qh3 Bxh3 0-1

[Event "ASK Solutions Intern"]
[Site "ASK Solutions Intern"]
[Date "1995.??.??"]
[Round "?"]
[White "Nolte, Rolando"]
[Black "Barcenilla, Rogelio"]
[Result "1/2-1/2"]
[WhiteElo "2310"]
[BlackElo "2450"]
[PlyCount "25"]
[EventDate "1995.??.??"]
[Source "www.chesslib.no"]
[SourceDate "2004.05.04"]

1. e4 e5 2. Nf3 Nc6 3. Bb5 d5 4. Ba4 Qh4 5. O-O Ke7 6. exd5 b5 7. Bb3 Kd7 8. d4 Ba6 9. Ng5 Nge7 10. Qe2 g6 11. Nd2 exd4 12. Qd1 Nd8 13. Nxf7 1/2-1/2

[Event "I Open internazionale"]
[Site "Gurgon IND"]
[Date "2009.01.22"]
[Round "2"]
[White "Das, Sa"]
[Black "Safin, S."]
[Result "1/2-1/2"]
[WhiteElo "2224"]
[BlackElo "2518"]
[PlyCount "50"]
[EventDate "2009.01.21"]
[Source "www.chesslib.no"]
[SourceDate "2004.05.04"]

1. e4 e5 2. Nf3 Nc6 3. Bb5 a6 4. d4 exd4 5. O-O Be7 6. e5 Bf8 7. Bxc6 dxc6 8. Nxd4 a5 9. a4 b6 10. Re1 h6 11. Be3 Bb4 12. Bd2 c5 13. b3 g5 14. Nf3 Ke7 15. g4 h5 16. Nh4 f5 17. Nxf5+ Ke6 18. c3 Ne7 19. f4 Nxf5 20. h4 Kd5 21. e6 Nxh4 22. Kf2 Nf5 23. Kg2 Ne3+ 24. Kg3 Kxe6 25. c4 Bxd2 1/2-1/2

[Event "Dieren op"]
[Site "Dieren"]
[Date "1999.07.24"]
[Round "5"]
[White "Meijers, Viesturs"]
[Black "Berkvens, Joost"]
[Result "1-0"]
[WhiteElo "2472"]
[BlackElo "2268"]
[PlyCount "107"]
[EventDate "1999.07.20"]
[Source "ChessBase"]
[SourceDate "1999.09.14"]

1. e4 e5 2. Nf3 Nc6 3. Bb5 Bb4 4. O-O Nge7 5. c3 Ba5 6. Bxc6 Nxc6 7. b4 Bb6 8. b5 Na5 9. Nxe5 O-O 10. d4 Qe8 11. Re1 d6 12. Nd3 Qxb5 13. Na3 Qc6 14. Bd2 f5 15. d5 Qd7 16. e5 dxe5 17. Rxe5 Qd6 18. c4 Nc6 19. c5 Bxc5 20. Nc4 Nxe5 21. Nxd6 Bxd6 22. Nxe5 Bxe5 23. Rc1 Bd6 24. Qa4 Rf7 25. Bf4 b5 26. Qd4 Bb7 27. Bxd6 cxd6 28. f3 Re8 29. Rd1 a6 30. Qb6 Rd7 31. a3 Re5 32. h4 Kf7 33. Kf2 Ke7 34. h5 h6 35. Re1 Rxe1 36. Kxe1 Bxd5 37. Qxa6 Rb7 38. Qa5 Bc4 39. Kf2 Kf6 40. Qd8+ Ke5 41. Qe8+ Be6 42. Qc6 Bd5 43. Qc3+ Ke6 44. Kg3 Bc4 45. Kf4 Rc7 46. Qe3+ Kf7 47. Qb6 Rd7 48. Qc6 Be6 49. Qxb5 d5 50. Ke3 d4+ 51. Kd3 Kf6 52. a4 f4 53. Qb6 Ke5 54. a5 1-0

[Event "Moscow op2"]
[Site "Moscow RUS"]
[Date "1995.??.??"]
[Round "6"]
[White "Isupov, Vladimir"]
[Black "Gusev, Yuri S"]
[Result "0-1"]
[WhiteElo "2430"]
[BlackElo "2300"]
[PlyCount "65"]
[EventDate "1995.11.??"]
[Source "www.chesslib.no"]
[SourceDate "2004.05.04"]

1. e4 e5 2. Nf3 Nc6 3. Bb5 Bb4 4. c3 Ba5 5. Na3 Nf6 6. Nc4 Bb6 7. d3 d6 8. h3 a6 9. Nxb6 cxb6 10. Ba4 b5 11. Bb3 h6 12. O-O O-O 13. Re1 Be6 14. Bc2 Rc8 15. d4 exd4 16. cxd4 d5 17. e5 Ne4 18. Bxe4 dxe4 19. Rxe4 Qd5 20. Rh4 Ne7 21. Be3 Nf5 22. Rh5 Qe4 23. Nd2 Qc2 24. Qf3 Nxe3 25. Qxe3 Qxb2 26. Re1 Rc3 27. Qf4 Rc1 28. Rxc1 Qxc1+ 29. Kh2 Rc8 30. d5 Bxd5 31. Rxh6 gxh6 32. Qg4+ Kf8 33. Qxc8+ 0-1

[Event "Corr"]
[Site "?"]
[Date "1998.??.??"]
[Round "?"]
[White "Colombo Alberto E"]
[Black "Genovese Maurizio"]
[Result "1/2-1/2"]
[WhiteElo "2440"]
[BlackElo "2285"]
[PlyCount "64"]
[EventDate "1998.??.??"]
[Source "www.chesslib.no"]
[SourceDate "2004.05.04"]

1. e4 e5 2. Nf3 Nc6 3. Bb5 Bb4 4. O-O Nge7 5. c3 Ba5 6. Bxc6 Nxc6 7. b4 Bb6 8. b5 Na5 9. Nxe5 O-O 10. d4 Qe8 11. Nd2 f5 12. Nec4 fxe4 13. Ne3 c6 14. Ba3 Rf6 15. f3 exf3 16. Rxf3 Bc7 17. Rxf6 Qxe3+ 18. Rf2 Bxh2+ 19. Kf1 d6 20. Qf3 Qxf3 21. Rxf3 Bg4 22. Bb4 Bxf3 23. Nxf3 Nc4 24. Nxh2 cxb5 25. a4 bxa4 26. Rxa4 a5 27. Nf3 Ra6 28. Bxa5 Nxa5 29. Rb4 Rc6 30. Rb5 b6 31. Ng5 Nc4 32. Ke2 h6 1/2-1/2

[Event "Oerebro"]
[Site "Oerebro"]
[Date "1990.??.??"]
[Round "4"]
[White "Fransson, Peter"]
[Black "Hector, Jonny"]
[Result "1/2-1/2"]
[WhiteElo "2260"]
[BlackElo "2465"]
[PlyCount "128"]
[EventDate "1990.??.??"]
[Source "www.chesslib.no"]
[SourceDate "2004.05.04"]

1. e4 e5 2. Nf3 Nc6 3. Bb5 Bb4 4. c3 Ba5 5. Bxc6 dxc6 6. Nxe5 Qg5 7. d4 Qxg2 8. Qf3 Qxf3 9. Nxf3 Nf6 10. a4 a6 11. Nbd2 O-O 12. Rg1 Re8 13. e5 Bb6 14. Nc4 Ba7 15. Bg5 Nd5 16. Ne3 Be6 17. Nxd5 Bxd5 18. Bf6 g6 19. Nd2 b5 20. Rg4 c5 21. dxc5 Bxc5 22. Ne4 Bf8 23. axb5 axb5 24. Rxa8 Rxa8 25. Bg5 Be6 26. Rh4 h5 27. Nf6+ Kg7 28. Rd4 Bc5 29. Rd2 b4 30. Ne4 Bf8 31. Rd8 Rxd8 32. Bxd8 c6 33. Kd2 Bd5 34. Kd3 bxc3 35. bxc3 Ba3 36. Bf6+ Kf8 37. Nd6 Bf3 38. Bg5 Bg2 39. Nc4 Bc5 40. Ne3 Bf3 41. Bh4 Ke8 42. Nc2 Bb6 43. Nd4 Bg2 44. Ke2 Ba5 45. Kd2 Kd7 46. f4 Bc7 47. Bf2 Bf1 48. Nf3 Bc4 49. Be3 Ke6 50. Ng5+ Kf5 51. h3 Bd8 52. Ke1 Be7 53. Kd2 h4 54. Ke1 Bd5 55. Kf2 Bd8 56. Ke2 Bxg5 57. fxg5 Bg2 58. Kf2 Ke4 59. Bb6 Bxh3 60. Kg1 Kf3 61. Kh2 Be6 62. Bd8 Kg4 63. Bf6 Kf4 64. Bd8 Kxe5 1/2-1/2

[Event "Corr"]
[Site "?"]
[Date "1996.04.15"]
[Round "?"]
[White "Karasek Lubomir (SVK)"]
[Black "Lohmann Frank (GER)"]
[Result "1-0"]
[WhiteElo "2330"]
[BlackElo "2390"]
[PlyCount "61"]
[EventDate "1996.??.??"]
[Source "www.chesslib.no"]
[SourceDate "2004.05.04"]

1. e4 Nc6 2. Nf3 e5 3. Bb5 Bb4 4. c3 Ba5 5. Na3 Bb6 6. Nc4 d6 7. O-O Nge7 8. a4 O-O 9. b4 Be6 10. Ng5 Bd7 11. a5 a6 12. Bxc6 Nxc6 13. axb6 Qxg5 14. bxc7 Rac8 15. f4 Qg4 16. f5 Qxd1 17. Rxd1 Rxc7 18. Nxd6 Na7 19. d3 Nb5 20. Nxb5 Bxb5 21. Bb2 f6 22. Kf2 Rd8 23. Ke3 Rcd7 24. d4 Kf7 25. g4 Bc4 26. Rd2 Ke7 27. h3 Kd6 28. dxe5+ Kxe5 29. Ra5+ b5 30. Rd4 Rd6 31. Bc1 1-0

[Event "Corr"]
[Site "?"]
[Date "1999.??.??"]
[Round "?"]
[White "Cilento Fulvio"]
[Black "Genovese Maurizio"]
[Result "1/2-1/2"]
[WhiteElo "2442"]
[BlackElo "2274"]
[PlyCount "72"]
[EventDate "1999.??.??"]
[Source "www.chesslib.no"]
[SourceDate "2004.05.04"]

1. e4 e5 2. Nf3 Nc6 3. Bb5 Bb4 4. c3 Ba5 5. Na3 Bb6 6. Nc4 Nf6 7. d3 d6 8. a4 O-O 9. Bxc6 bxc6 10. a5 Bc5 11. b4 d5 12. exd5 e4 13. dxe4 cxd5 14. bxc5 dxc4 15. Qxd8 Rxd8 16. Bg5 Bb7 17. Bxf6 gxf6 18. Ra4 Bxe4 19. Rxc4 Rab8 20. O-O Bxf3 21. gxf3 Rb5 22. a6 Ra5 23. Rb1 Rxa6 24. Rb7 Rc6 25. Rxa7 Rd5 26. Rg4+ Rg5 27. Ra5 Kf8 28. Rxg5 fxg5 29. Kg2 Ke7 30. Kg3 Ke6 31. f4 gxf4+ 32. Kxf4 Kd5 33. h4 Kc4 34. Ra4+ Kxc3 35. Re4 Rxc5 36. Re7 Rc4+ 1/2-1/2